000 00465nam a2200181Ia 4500
001 2490
005 20260306144811.0
008 260306t2011||||xx |||||||||||||| ||spa||
041 _aESP
082 _a616.891
_bR77A
100 _aRogers, Carl R.
_eAUT
245 0 _aPsicoterapia centrada en el cliente:
_bpráctica, implicaciones y teoría
260 _c2011
300 _a459 páginas :
_c22 cm.
650 _aGEN
654 _aCPS
942 _cLIB
_dJUS
_fJUS
_2ddc
_n
999 _c2490
_d2490